Memoria del seminario sobre la migración internacional y el desarrollo económico de México /
Obra donde se presentan las 16 ponencias del Seminario sobre la Migración Internacional y el Desarrollo Económico de México y en las cuales se discuten las tendencias de la migración indocumentada de mexicanos hacia Estados Unidos, el contexto de las transformaciones económicas y sociales del país q...
محفوظ في:
| مؤلف مشترك: | |
|---|---|
| مؤلفون آخرون: | |
| التنسيق: | وقائع المؤتمر كتاب |
| اللغة: | الإسبانية |
| الموضوعات: | |
| الوسوم: |
لا توجد وسوم, كن أول من يضع وسما على هذه التسجيلة!
|
MARC
| LEADER | 00000nam^a2200000^a^4500 | ||
|---|---|---|---|
| 001 | 000183779 | ||
| 005 | 20250521000000.0 | ||
| 009 | 20260310102051.572 | ||
| 020 | |a 968-805-678-2 | ||
| 037 | |a Acervo ITESO - Biblioteca | ||
| 041 | |a ESP | ||
| 082 | |a 304. 873072 |b SEM 1991 | ||
| 111 | |a Seminario sobre la Migración Internacional y el Desarrollo Económico de México ( |n 1º : |d 1991 : |c Zacatecas, México) | ||
| 245 | 1 | 0 | |a Memoria del seminario sobre la migración internacional y el desarrollo económico de México / |c Presen. de F. Gutiérrez Barrios. |
| 264 | |a México : |b Consejo Nacional de Población ; |a Zacatecas, México : |b Gobierno del Estado de Zacatecas, |c 1991 | ||
| 300 | |a 257 p. | ||
| 336 | |a texto |b txt |2 rdacontenido | ||
| 337 | |a sin mediación |b n |2 rdamedio | ||
| 338 | |a volumen |b nc |2 rdasoporte | ||
| 520 | |a Obra donde se presentan las 16 ponencias del Seminario sobre la Migración Internacional y el Desarrollo Económico de México y en las cuales se discuten las tendencias de la migración indocumentada de mexicanos hacia Estados Unidos, el contexto de las transformaciones económicas y sociales del país que generan esta situación, y las propuestas y avances en materia de formulación de políticas de migración internacional. | ||
| 649 | |a XX | ||
| 650 | |a Migrantes Mexicanos - |x Condiciones Laborales | ||
| 650 | |a Migrantes Mexicanos - |x Condiciones Económicas | ||
| 650 | |a Emigración - |z México | ||
| 650 | |a Inmigración - |z EUA | ||
| 650 | |a Migración Ilegal | ||
| 650 | |a Migración Temporal | ||
| 650 | |a Migración - |x Aspectos Económicos | ||
| 650 | |a Política Migratoria - |z EUA | ||
| 650 | |a Política Migratoria - |z México | ||
| 650 | |a Mercado de Trabajo - |z EUA | ||
| 650 | |a Mercado de Trabajo - |z México | ||
| 650 | |a Desarrollo Económico-Social - |z México | ||
| 650 | |a Relaciones Internacionales - |z México-EUA | ||
| 700 | |a Gutiérrez Barrios, Fernando |e (presentación) | ||
| 910 | |a Fondo General | ||
| 920 | |a Impresos - Libros | ||
| 930 | |a Colección General | ||
| 905 | |a 101 | ||
| 901 | |a 0500124556 |b IT1 |c ACC |u 20250521 | ||
| 902 | |a https://opac.biblio.iteso.mx/vufind/Record/000183779 | ||